| 000 | 00417nam a2200181Ia 4500 | ||
|---|---|---|---|
| 005 | 20240823013406.0 | ||
| 008 | 240823s9999||||xx |||||||||||||| ||und|| | ||
| 041 | _aENGLISH | ||
| 082 | _A519 P3 | ||
| 100 | _aChitgopkar | ||
| 245 | 0 | _aEngineering mathematics Vol 1 | |
| 250 | _a4th | ||
| 260 |
_c2003 _b"NPC,Ch" |
||
| 500 | _aTRANSFERED | ||
| 650 |
_aMathematics _bMathematics |
||
| 942 | _cBK | ||
| 999 |
_c167109 _d167109 |
||